[Event "Titled Tuesday intern op 21st April"]
[Site "Chess.com INT"]
[Date "2020.04.21"]
[Round "2"]
[White "Braulio, Reyes"]
[Black "Kanefsck, Gustavo"]
[Result "0-1"]
[WhiteElo "2128"]
[BlackElo "2290"]
[PlyCount "76"]
[EventDate "2020.04.21"]
[EventType "swiss (blitz)"]
[EventRounds "10"]
[EventCountry "USA"]
[SourceTitle "EXT 2021"]
[Source "ChessBase"]
[SourceDate "2020.10.23"]
[SourceVersion "1"]
[SourceVersionDate "2020.10.23"]
[SourceQuality "1"]

1. d4 Nf6 2. f4 g6 3. Nf3 Bg7 4. c3 0-0 5. e3 d6 6. Be2 Nbd7 7. 0-0 c6 8. Nbd2 a6 9. Qb3 b5 10. e4 e5 11. dxe5 dxe5 12. fxe5 Ng4 13. e6 Nb6 14. exf7+ Kh8 15. h3 Ne3 16. Re1 Qe7 17. Bxb5 Nxg2 18. Bxc6 Nxe1 19. Qxb6 Nxf3+ 20. Nxf3 Ra7 21. Bg5 Qxf7 22. Rf1 Bxh3 23. Bd5 Qc7 24. Qxc7 Rxc7 25. Rf2 h6 26. Be3 g5 27. Nd4 Rxf2 28. Kxf2 Be5 29. Nf3 Bg7 30. e5 g4 31. Ng1 Bxe5 32. Bxh6 g3+ 33. Ke3 Bf5 34. Bf4 Re7 35. Bxe5+ Rxe5+ 36. Kd4 Re1 37. Nf3 g2 38. c4 Rf1 0-1

[Event "Titled Tuesday intern op 14th April"]
[Site "Chess.com INT"]
[Date "2020.04.14"]
[Round "8"]
[White "Braulio, Reyes"]
[Black "February, Jesse Nikki"]
[Result "1-0"]
[WhiteElo "2165"]
[BlackElo "1825"]
[PlyCount "71"]
[EventDate "2020.04.14"]
[EventType "swiss (blitz)"]
[EventRounds "10"]
[EventCountry "USA"]
[SourceTitle "EXT 2021"]
[Source "ChessBase"]
[SourceDate "2020.10.23"]
[SourceVersion "1"]
[SourceVersionDate "2020.10.23"]
[SourceQuality "1"]

1. d4 Nf6 2. f4 e6 3. Nf3 b6 4. e3 Be7 5. Be2 Bb7 6. 0-0 0-0 7. c3 d6 8. Nbd2 c5 9. Qb3 Nbd7 10. Ng5 h6 11. Bf3 Ba6 12. Nh3 Bxf1 13. Bxa8 Qxa8 14. Nxf1 e5 15. dxe5 dxe5 16. Bd2 Rc8 17. Be1 c4 18. Qc2 Bc5 19. Bf2 Ne4 20. Rd1 Nxf2 21. Nxf2 Qc6 22. Qd2 exf4 23. exf4 Nf6 24. Kh1 Re8 25. h3 Qe6 26. Ng3 Bxf2 27. Qxf2 Ne4 28. Nxe4 Qxe4 29. Rd4 Qe2 30. Kg1 Qe7 31. Rxc4 b5 32. Rd4 a5 33. a3 Kh7 34. f5 g6 35. fxg6+ fxg6 36. Rf4 1-0

[Event "Titled Tuesday intern op 14th April"]
[Site "Chess.com INT"]
[Date "2020.04.14"]
[Round "1"]
[White "Braulio, Reyes"]
[Black "Reimanis, Ritvars"]
[Result "0-1"]
[WhiteElo "2183"]
[BlackElo "2421"]
[PlyCount "52"]
[EventDate "2020.04.14"]
[EventType "swiss (blitz)"]
[EventRounds "10"]
[EventCountry "USA"]
[SourceTitle "EXT 2021"]
[Source "ChessBase"]
[SourceDate "2020.10.23"]
[SourceVersion "1"]
[SourceVersionDate "2020.10.23"]
[SourceQuality "1"]

1. d4 Nf6 2. f4 d6 3. c4 g6 4. Nc3 Bg7 5. e4 0-0 6. Nf3 Nbd7 7. Bd3 e5 8. fxe5 dxe5 9. d5 Nh5 10. 0-0 c6 11. Bg5 Qb6+ 12. Rf2 Nf4 13. Be7 Re8 14. Ba3 Nc5 15. Bf1 cxd5 16. cxd5 f5 17. Na4 Nxa4 18. Qxa4 Rd8 19. Rc1 Bd7 20. Qc2 Rac8 21. Qb1 Rxc1 22. Qxc1 fxe4 23. Ng5 e3 24. Re2 Nxe2+ 25. Bxe2 Qf6 26. Qc3 Qxg5 0-1

[Event "Titled Tuesday intern op 14th April"]
[Site "Chess.com INT"]
[Date "2020.04.14"]
[Round "3"]
[White "Kaufman, Raymond"]
[Black "Braulio, Reyes"]
[Result "1-0"]
[WhiteElo "2255"]
[BlackElo "2176"]
[PlyCount "71"]
[EventDate "2020.04.14"]
[EventType "swiss (blitz)"]
[EventRounds "10"]
[EventCountry "USA"]
[SourceTitle "EXT 2021"]
[Source "ChessBase"]
[SourceDate "2020.10.23"]
[SourceVersion "1"]
[SourceVersionDate "2020.10.23"]
[SourceQuality "1"]

1. d4 d5 2. c4 e6 3. Nf3 f5 4. Nc3 c6 5. g3 Nf6 6. Bg2 Bd6 7. Bf4 0-0 8. Bxd6 Qxd6 9. 0-0 Nbd7 10. Qc2 Ne4 11. Ne1 Qe7 12. cxd5 exd5 13. Nd3 Ndf6 14. e3 Ng4 15. h3 Ngf6 16. Ne5 Bd7 17. Kh2 Be8 18. f3 Nd6 19. Rae1 Nd7 20. f4 Ne4 21. Nxe4 fxe4 22. a3 g5 23. Nxd7 Bxd7 24. fxg5 Qxg5 25. Rf4 Rxf4 26. gxf4 Qh4 27. Rg1 Kf7 28. Qc5 Rg8 29. Qd6 Qg3+ 30. Kh1 Bxh3 31. Qc7+ Kf6 32. Qe5+ Kf7 33. Qh5+ Kf8 34. Qxh3 Qxh3+ 35. Bxh3 Rxg1+ 36. Kxg1 1-0

[Event "Titled Tuesday intern op 14th April"]
[Site "Chess.com INT"]
[Date "2020.04.14"]
[Round "9"]
[White "Kuznetsov, Mikhail V"]
[Black "Braulio, Reyes"]
[Result "0-1"]
[WhiteElo "2234"]
[BlackElo "2176"]
[PlyCount "50"]
[EventDate "2020.04.14"]
[EventType "swiss (blitz)"]
[EventRounds "10"]
[EventCountry "USA"]
[SourceTitle "EXT 2021"]
[Source "ChessBase"]
[SourceDate "2020.10.23"]
[SourceVersion "1"]
[SourceVersionDate "2020.10.23"]
[SourceQuality "1"]

1. d4 d5 2. Nf3 f5 3. g3 e6 4. Bg2 Bd6 5. 0-0 Nf6 6. c4 c6 7. Nc3 0-0 8. Rb1 Nbd7 9. b4 Qe7 10. b5 Ne4 11. Bd2 Kh8 12. c5 Bc7 13. bxc6 bxc6 14. Qa4 Nb8 15. Rb2 e5 16. dxe5 Bxe5 17. Nxe5 Qxe5 18. Nxe4 fxe4 19. Rfb1 Bg4 20. Bf4 Qc3 21. Rxb8 Raxb8 22. Bxb8 Bxe2 23. Bf4 Bb5 24. Qb3 Qf6 25. Be3 Bd3 0-1

[Event "Titled Tuesday intern op 14th April"]
[Site "Chess.com INT"]
[Date "2020.04.14"]
[Round "7"]
[White "Tomb, Maroun"]
[Black "Braulio, Reyes"]
[Result "1-0"]
[WhiteElo "2084"]
[BlackElo "2163"]
[PlyCount "87"]
[EventDate "2020.04.14"]
[EventType "swiss (blitz)"]
[EventRounds "10"]
[EventCountry "USA"]
[SourceTitle "EXT 2021"]
[Source "ChessBase"]
[SourceDate "2020.10.23"]
[SourceVersion "1"]
[SourceVersionDate "2020.10.23"]
[SourceQuality "1"]

1. e4 d5 2. exd5 Qxd5 3. Nc3 Qd6 4. d4 a6 5. Bc4 Nf6 6. Nge2 Be6 7. Bf4 Qd7 8. Bxe6 fxe6 9. Qd3 Nc6 10. 0-0 0-0-0 11. Rfd1 Nd5 12. Bg3 h5 13. h3 g5 14. a3 h4 15. Bh2 Bg7 16. Ne4 Rdg8 17. Nc5 Qe8 18. Nxe6 Qf7 19. Nxg5 Qh5 20. Qf5+ Kb8 21. Qxd5 Bf6 22. Nf4 Qxg5 23. Qxg5 Rxg5 24. Ne6 Rg6 25. Bxc7+ Kc8 26. d5 Na7 27. Bb6 Nb5 28. c4 Nd6 29. c5 Nc4 30. Rac1 Ne5 31. c6 bxc6 32. dxc6 Rhg8 33. Nf4 R6g7 34. Rc3 Bg5 35. Ne6 Rg6 36. Nxg5 Rxg5 37. g4 Nxg4 38. hxg4 Rxg4+ 39. Kh2 Rg2+ 40. Kh3 R2g6 41. b4 Rf8 42. a4 Rgf6 43. b5 a5 44. Rcd3 1-0

[Event "Titled Tuesday intern op 14th April"]
[Site "Chess.com INT"]
[Date "2020.04.14"]
[Round "5"]
[White "Zong, Davis Jr"]
[Black "Braulio, Reyes"]
[Result "1-0"]
[WhiteElo "2129"]
[BlackElo "2160"]
[PlyCount "97"]
[EventDate "2020.04.14"]
[EventType "swiss (blitz)"]
[EventRounds "10"]
[EventCountry "USA"]
[SourceTitle "EXT 2021"]
[Source "ChessBase"]
[SourceDate "2020.10.23"]
[SourceVersion "1"]
[SourceVersionDate "2020.10.23"]
[SourceQuality "1"]

1. d4 d5 2. c4 e6 3. Nc3 f5 4. Nf3 c6 5. Bf4 Nf6 6. e3 Bd6 7. Bd3 0-0 8. 0-0 Ne4 9. Ne2 Qe7 10. cxd5 exd5 11. Rc1 Bd7 12. h3 Be8 13. Bxd6 Qxd6 14. Ne5 Nd7 15. Nxd7 Qxd7 16. Nc3 Qe7 17. a3 g5 18. b4 a6 19. Nxe4 fxe4 20. Be2 Bg6 21. Bh5 Qf7 22. Bxg6 Qxg6 23. a4 h5 24. b5 axb5 25. axb5 g4 26. h4 Ra2 27. Qb3 Re2 28. Qd1 Rb2 29. bxc6 bxc6 30. Rc2 Rb7 31. g3 Rbf7 32. Qc1 Rf6 33. Qa3 Qf7 34. Qa2 Rf3 35. Kg2 Rxg3+ 36. Kxg3 Qf3+ 37. Kh2 g3+ 38. fxg3 Qxf1 39. Rg2 Qc1 40. Qe2 Rf1 41. g4 Rh1+ 42. Kg3 hxg4 43. Qxg4+ Kh8 44. Qh5+ Kg8 45. Kf4+ Kf8 46. Qh6+ Ke8 47. Rg8+ Kf7 48. Rg7+ Kf8 49. Qh8# 1-0